| 000 | 00982nem0a2200277 4500 | ||
|---|---|---|---|
| 001 | RU\NLR\BIBL_A\011912521 | ||
| 005 | 20250626151017.0 | ||
| 035 | _a(NLR Aleph) 011912521 | ||
| 090 |
_a10944923 _c10944923 |
||
| 100 | _a20190118d2002 |||y0rusy50 ca | ||
| 101 | 0 |
_aeng _ager |
|
| 102 | _aRU | ||
| 120 | _abyy xx|| | ||
| 123 | 0 | _aа | |
| 200 | 1 |
_aDeutschland. Gute Launekarte _bКарты _dGermany. The good mood map _zeng |
|
| 206 | _a[Без м-ба] | ||
| 210 |
_a[Санкт-Петербург] _cDiscus Media _d2002 |
||
| 215 |
_a1 к. _cцв., ил. _d100х70 см |
||
| 300 | _aГербы федеральных земель Германии | ||
| 509 | 0 | 1 |
_7ca _aГермания _92635903 _3RU\NLR\AUTH\5504917 |
| 607 |
_aГермания _jКарты _92075724 _3RU\NLR\AUTH\661250808 |
||
| 608 |
_aИллюстрированные карты _92313623 _3RU\NLR\AUTH\6601609964 |
||
| 852 |
_aNLR _bК _j4-ЦЕв 4/1079 _m89427 |
||
| 942 | _cMAP | ||
| 980 | _aNB | ||